[Event "Moscow-Open 2021_A"]
[Site "Moscow"]
[Date "2021.02.23"]
[Round "4.40"]
[White "Shturman, Arseniy"]
[Black "Mochalin, Faddey"]
[Result "1/2-1/2"]
[WhiteElo "1782"]
[BlackElo "2110"]
[PlyCount "100"]
[EventDate "2021.02.20"]

1. e4 e6 2. d4 d5 3. e5 c5 4. c3 Qb6 5. Nf3 Nc6 6. a3 Bd7 7. b4 cxd4 8. cxd4
Rc8 9. Be3 Nh6 10. Be2 Nf5 11. O-O Be7 12. Nbd2 a5 13. bxa5 Nxa5 14. Rb1 Qa7
15. Bb5 Bxb5 16. Rxb5 O-O 17. Qa4 Ra8 18. Rc1 Qa6 19. g4 Nxe3 20. fxe3 Bxa3 21.
Ra1 Nc4 22. Qxa6 bxa6 23. Rb7 Bb2 24. Ra2 Bc1 25. Kf2 f5 26. gxf5 Bxd2 27. Nxd2
Rxf5+ 28. Ke2 Raf8 29. Kd3 Rf2 30. Rc2 Rxh2 31. Nxc4 Rxc2 32. Kxc2 dxc4 33. Re7
h5 34. Rxe6 h4 35. Rxa6 h3 36. Kc3 h2 37. Ra1 g5 38. Rh1 Rf2 39. d5 Kf7 40. e6+
Ke7 41. Kd4 Kd6 42. e4 Rd2+ 43. Kc3 Re2 44. Kd4 g4 45. e5+ Rxe5 46. Rxh2 Rxd5+
47. Kxc4 Ra5 48. Kd4 Ra4+ 49. Ke3 Kxe6 50. Rh5 Kf6 1/2-1/2

[Event "Moscow-Open 2021_A"]
[Site "Moscow"]
[Date "2021.02.23"]
[Round "4.41"]
[White "Kirushin, Ivan"]
[Black "Khmelev, Mikhail"]
[Result "1/2-1/2"]
[WhiteElo "1765"]
[BlackElo "2077"]
[PlyCount "101"]
[EventDate "2021.02.20"]

1. e4 Nf6 2. e5 Nd5 3. Bc4 e6 4. Nf3 d6 5. O-O dxe5 6. Nxe5 Bd6 7. d4 O-O 8.
Re1 Nd7 9. Nd2 c5 10. c3 cxd4 11. cxd4 Qc7 12. Bxd5 exd5 13. Ndf3 Nb6 14. h3
Bf5 15. Be3 f6 16. Rc1 Qd8 17. Nd3 Nc4 18. b3 Nxe3 19. Rxe3 b6 20. Nd2 Bg6 21.
Qf3 Bf7 22. Nf4 Qd7 23. Nb1 Qf5 24. Ne2 Qxf3 25. Rxf3 Rfe8 26. Re3 Kf8 27. a3
Bg6 28. b4 Rac8 29. Nbc3 Bf7 30. Kf1 Red8 31. Rd3 Rc7 32. Nb5 Rxc1+ 33. Nxc1
Bb8 34. Nb3 Rc8 35. Rc3 Rxc3 36. Nxc3 Ke7 37. Ke2 Kd7 38. Ke3 Bg6 39. g4 Bf7
40. Nc1 a6 41. Nd3 Bd6 42. a4 g5 43. f4 h6 44. f5 Kc6 45. b5+ axb5 46. axb5+
Kc7 47. Nb2 Bb4 48. Nbd1 Kd6 49. Kd3 Be8 50. Ke3 h5 51. Kd3 1/2-1/2

[Event "Moscow-Open 2021_A"]
[Site "Moscow"]
[Date "2021.02.23"]
[Round "4.42"]
[White "Bugaev, Anton"]
[Black "Zhuk, Kirill"]
[Result "1/2-1/2"]
[WhiteElo "1648"]
[BlackElo "2054"]
[PlyCount "40"]
[EventDate "2021.02.20"]

1. d4 Nf6 2. Nf3 g6 3. c4 Bg7 4. g3 d5 5. cxd5 O-O 6. Bg2 Nxd5 7. O-O Nb6 8.
Nc3 Nc6 9. d5 Na5 10. e4 c6 11. Nd4 e6 12. Nb3 Nxb3 13. Qxb3 exd5 14. exd5 cxd5
15. Nxd5 Be6 16. Rd1 Bg4 17. Re1 Be6 18. Rd1 Bg4 19. Re1 Be6 20. Rd1 Bg4
1/2-1/2

[Event "Moscow-Open 2021_A"]
[Site "Moscow"]
[Date "2021.02.23"]
[Round "4.43"]
[White "Zhukov, Ivan"]
[Black "Tandelov, Arseny"]
[Result "1/2-1/2"]
[WhiteElo "2050"]
[BlackElo "1657"]
[PlyCount "126"]
[EventDate "2021.02.20"]

1. e4 c5 2. Nf3 Nc6 3. d4 cxd4 4. Nxd4 e5 5. Nb5 Nf6 6. N1c3 d6 7. Bg5 a6 8.
Na3 b5 9. Nd5 Be7 10. Bxf6 Bxf6 11. c4 b4 12. Nc2 a5 13. g3 g6 14. h4 h5 15.
Bh3 Bg7 16. Kf1 Rb8 17. Kg2 O-O 18. Qd3 Bxh3+ 19. Rxh3 f5 20. Rd1 Nd4 21. Nxd4
exd4 22. exf5 Rxf5 23. Re1 Rb7 24. Rhh1 Rbf7 25. f4 Qa8 26. Qf3 Qb7 27. Re6 Kh7
28. Rxd6 Rd7 29. Rb6 Qc8 30. b3 Rfxd5 31. cxd5 Qc2+ 32. Kh3 Qf5+ 33. Kh2 Rxd5
34. Re1 d3 35. Rb7 d2 36. Rd1 Kh8 37. Qe3 Qd3 38. Qxd3 Rxd3 39. Rb5 Bc3 40.
Rxa5 Re3 41. Rd5 Re2+ 42. Kh3 Kg7 43. Rd3 Kf6 44. g4 Re8 45. R1xd2 Bxd2 46.
Rxd2 Re3+ 47. Kg2 hxg4 48. Rd4 Kf5 49. Rxb4 Re2+ 50. Kg3 Rxa2 51. Rb5+ Ke4 52.
Re5+ Kd4 53. Kxg4 Rb2 54. Kg5 Rg2+ 55. Kf6 Rg4 56. Rb5 Rxh4 57. Rb4+ Kc3 58.
Re4 Rg4 59. b4 Kd3 60. Ke5 Rh4 61. Re1 Rh5+ 62. Ke6 Rb5 63. Rg1 Rxb4 1/2-1/2

[Event "Moscow-Open 2021_A"]
[Site "Moscow"]
[Date "2021.02.23"]
[Round "4.44"]
[White "Lupolov, Boris"]
[Black "Agkatsev, Albert A"]
[Result "0-1"]
[WhiteElo "2045"]
[BlackElo "1550"]
[PlyCount "84"]
[EventDate "2021.02.20"]

1. d4 d5 2. c4 c6 3. Nf3 Nf6 4. Nbd2 e6 5. e3 Nbd7 6. Bd3 dxc4 7. Nxc4 b5 8.
Nce5 Bb7 9. O-O Bd6 10. Bd2 Qc7 11. Nxd7 Qxd7 12. Rc1 O-O 13. Qe2 Rfd8 14. Rfd1
Qe7 15. e4 e5 16. dxe5 Bxe5 17. Nxe5 Qxe5 18. Bc3 Qg5 19. Bb1 Nh5 20. g3 Nf4
21. Qf3 Ne6 22. h4 Qe7 23. b4 a5 24. a3 axb4 25. axb4 Rxd1+ 26. Qxd1 Rd8 27.
Qg4 Bc8 28. f4 Qa7+ 29. Kg2 Qe3 30. Rc2 Qxe4+ 31. Qf3 Qxf3+ 32. Kxf3 Nd4+ 33.
Bxd4 Rxd4 34. Rxc6 Bb7 35. Ke3 Rxb4 36. Rd6 g6 37. Bd3 Rb3 38. Rb6 Bg2 39. Kd4
Kg7 40. Rxb5 Rxd3+ 41. Kxd3 Bf1+ 42. Kd4 Bxb5 0-1

[Event "Moscow-Open 2021_A"]
[Site "Moscow"]
[Date "2021.02.23"]
[Round "4.45"]
[White "Zhugin, Nikolay"]
[Black "Bogaudinov, Rushan"]
[Result "1-0"]
[WhiteElo "1646"]
[BlackElo "2016"]
[PlyCount "79"]
[EventDate "2021.02.20"]

1. e4 c5 2. Nf3 d6 3. d4 cxd4 4. Nxd4 Nf6 5. Nc3 a6 6. f3 g6 7. Be3 Bg7 8. Qd2
h5 9. Be2 Nbd7 10. a4 Qc7 11. h3 Ne5 12. Nd5 Nxd5 13. exd5 Bf5 14. c4 Rc8 15.
Rc1 h4 16. a5 Nd7 17. b4 Nf6 18. O-O Qd7 19. Nxf5 gxf5 20. Rfd1 Nh5 21. c5 f4
22. Bf2 dxc5 23. bxc5 Ng3 24. c6 bxc6 25. Bxa6 Rd8 26. Bb6 cxd5 27. Bxd8 Qa7+
28. Bb6 Qxa6 29. Qxd5 O-O 30. Qc4 Qb7 31. Rd2 e5 32. Qc6 Qa6 33. Bc7 Ne2+ 34.
Kf2 Qxc6 35. Rxc6 Nd4 36. Rb6 f5 37. a6 Ra8 38. Rb8+ Rxb8 39. Bxb8 e4 40. Bxf4
1-0

[Event "Moscow-Open 2021_A"]
[Site "Moscow"]
[Date "2021.02.23"]
[Round "4.46"]
[White "Urivskiy, Arseniy A"]
[Black "Kim, Andrey"]
[Result "0-1"]
[WhiteElo "1422"]
[BlackElo "1971"]
[PlyCount "72"]
[EventDate "2021.02.20"]

1. d4 d5 2. c4 c6 3. Nc3 Nf6 4. Nf3 e6 5. e3 Nbd7 6. Bd3 dxc4 7. Bxc4 b5 8. Bd3
Bb7 9. O-O Be7 10. e4 b4 11. Na4 O-O 12. Qc2 h6 13. Be3 Qa5 14. Rac1 Rac8 15.
h3 c5 16. Nxc5 Nxc5 17. dxc5 Nd7 18. Qb3 Nxc5 19. Bxc5 Rxc5 20. Nd4 Rfc8 21.
Rxc5 Qxc5 22. Ne2 Qe5 23. Qa4 a5 24. Rc1 Rxc1+ 25. Nxc1 Qxb2 26. Nb3 Qc3 27.
Qd7 Bf8 28. Nxa5 Qa1+ 29. Kh2 Qe5+ 30. g3 Bxe4 31. Nc4 Qf5 32. Bxe4 Qxe4 33.
Nd6 Qf3 34. Ne4 Qxe4 35. Qd2 Kh7 36. h4 Bc5 0-1

[Event "Moscow-Open 2021_A"]
[Site "Moscow"]
[Date "2021.02.23"]
[Round "4.47"]
[White "Zadorozhy, Egor"]
[Black "Bachaliashvili, Eduard"]
[Result "0-1"]
[WhiteElo "1156"]
[BlackElo "1949"]
[PlyCount "130"]
[EventDate "2021.02.20"]

1. e4 e6 2. d4 d5 3. exd5 exd5 4. Nf3 Bd6 5. Bd3 Ne7 6. Bg5 f6 7. Bh4 O-O 8.
O-O Bf5 9. Bg3 c6 10. c3 Bxg3 11. fxg3 Qb6 12. b3 Nd7 13. Qc2 Bxd3 14. Qxd3 Ng6
15. Nbd2 Rae8 16. Rfe1 Nde5 17. Qf5 Nxf3+ 18. Nxf3 Qc7 19. Rad1 a5 20. c4 dxc4
21. bxc4 Qf7 22. Qc5 Rxe1+ 23. Rxe1 Re8 24. Rxe8+ Qxe8 25. d5 Ne5 26. Qd4 Nd7
27. Kf2 c5 28. Qb2 Qc8 29. Qe2 Nb6 30. Qe4 Qd7 31. Nd2 Nc8 32. Nb3 b6 33. Nd2
Nd6 34. Qf4 Qe7 35. Qe3 Kf7 36. Qf4 Ke8 37. Qh4 g5 38. Qh5+ Kd7 39. Qg4+ f5 40.
Qh5 Qg7 41. Qe2 Qf6 42. Ke1 h6 43. Qe3 Kc7 44. Ke2 Kd7 45. Ke1 Qe7 46. Qxe7+
Kxe7 47. Ke2 Nf7 48. Nf3 Kd6 49. Kd3 Ke7 50. Kc3 Kf6 51. Kb3 Nd6 52. Kc3 g4 53.
Nh4 Kg5 54. Kd3 f4 55. a4 h5 56. Kc3 fxg3 57. hxg3 Ne4+ 58. Kd3 Nxg3 59. d6 Kf6
60. Ng6 Ke6 61. Nf4+ Kxd6 62. Ke3 h4 63. Ng6 h3 64. gxh3 gxh3 65. Kf3 h2 0-1

[Event "Moscow-Open 2021_A"]
[Site "Moscow"]
[Date "2021.02.23"]
[Round "4.48"]
[White "Nakonechny, Ignat"]
[Black "Zulpikarov, Ruslan"]
[Result "1-0"]
[WhiteElo "2158"]
[BlackElo "1647"]
[PlyCount "77"]
[EventDate "2021.02.20"]

1. e4 e5 2. Nf3 Nc6 3. Bc4 Bc5 4. O-O Nf6 5. d3 d6 6. h3 Be6 7. Nc3 Bxc4 8.
dxc4 Qd7 9. Bg5 h6 10. Bxf6 gxf6 11. Nd5 O-O-O 12. Nh4 Rhg8 13. Kh2 Qe6 14. Nf5
Rde8 15. c3 Nb8 16. b4 Bb6 17. a4 c6 18. Nxb6+ axb6 19. Nxd6+ Kc7 20. Nxe8+
Rxe8 21. Qe2 Nd7 22. a5 Nf8 23. axb6+ Kxb6 24. c5+ Kc7 25. b5 Ng6 26. b6+ Kd7
27. Rfd1+ Ke7 28. Rd6 Qc8 29. g3 h5 30. Qf3 h4 31. Qxf6+ Kf8 32. Rad1 Ne7 33.
Qh6+ Kg8 34. gxh4 Ng6 35. Rxg6+ fxg6 36. Qxg6+ Kh8 37. Qh6+ Kg8 38. Rg1+ Kf7
39. Rg7+ 1-0

[Event "Moscow-Open 2021_A"]
[Site "Moscow"]
[Date "2021.02.23"]
[Round "4.49"]
[White "Andreev, Konstantin"]
[Black "Isaev, Magomed"]
[Result "1-0"]
[WhiteElo "1819"]
[BlackElo "2196"]
[PlyCount "77"]
[EventDate "2021.02.20"]

1. e4 e6 2. d4 d5 3. exd5 exd5 4. Nf3 Nf6 5. c3 Nc6 6. Bf4 g6 7. Nbd2 Bg7 8.
Bd3 O-O 9. h3 a6 10. O-O b5 11. Ne5 Bd7 12. Re1 Re8 13. Qf3 Na5 14. b4 Nc4 15.
Nb3 Qc8 16. Nc5 Bf5 17. Bxf5 Qxf5 18. g4 Qc8 19. g5 Nh5 20. Qxd5 Qf5 21. Bh2
Qxg5+ 22. Qg2 Qxg2+ 23. Kxg2 Nxe5 24. dxe5 a5 25. a4 axb4 26. axb5 bxc3 27.
Rxa8 Rxa8 28. b6 Bh6 29. e6 c2 30. b7 Rd8 31. Nd3 Bd2 32. Ra1 Nf4+ 33. Bxf4
Bxf4 34. Nxf4 Rb8 35. Ra8 c1=Q 36. Rxb8+ Kg7 37. Rc8 Qxf4 38. b8=Q Qe4+ 39. Kh2
1-0

[Event "Moscow-Open 2021_A"]
[Site "Moscow"]
[Date "2021.02.23"]
[Round "4.50"]
[White "Khripachenko, Alexander"]
[Black "Mikhnenko, Alexander"]
[Result "1-0"]
[WhiteElo "1825"]
[BlackElo "2129"]
[PlyCount "59"]
[EventDate "2021.02.20"]

1. e4 c6 2. d4 d5 3. e5 Bf5 4. Nc3 e6 5. g4 Bg6 6. Nge2 c5 7. h4 h5 8. Nf4 Bh7
9. Nxh5 Nc6 10. dxc5 Bxc5 11. Bf4 Qb6 12. Na4 Qb4+ 13. c3 Qe4+ 14. Kd2 d4 15.
Nxc5 dxc3+ 16. Kc1 cxb2+ 17. Kxb2 Qb4+ 18. Nb3 Rd8 19. Qe1 Qa4 20. Qc3 b6 21.
Qc4 Nb4 22. Qb5+ Qxb5 23. Bxb5+ Kf8 24. Rhd1 Nd5 25. Bg5 Nge7 26. Nf4 Be4 27.
Nxd5 Rxd5 28. Bc4 Rxd1 29. Rxd1 Nd5 30. Nd2 1-0

[Event "Moscow-Open 2021_A"]
[Site "Moscow"]
[Date "2021.02.23"]
[Round "4.51"]
[White "Bratov, Ademir"]
[Black "Komissarov, Alexey"]
[Result "0-1"]
[WhiteElo "1813"]
[BlackElo "2127"]
[PlyCount "144"]
[EventDate "2021.02.20"]

1. e4 e5 2. Nf3 Nc6 3. Bc4 Nf6 4. d3 d5 5. exd5 Nxd5 6. Nbd2 Bc5 7. Ne4 Be7 8.
O-O O-O 9. Re1 Nb6 10. Bb3 a5 11. a4 Bg4 12. c3 Kh8 13. h3 Bf5 14. Be3 Nd5 15.
Bc5 Nf4 16. Bxe7 Qxe7 17. d4 exd4 18. Ng3 Qf6 19. Nxf5 dxc3 20. Ng3 cxb2 21.
Rb1 Rad8 22. Qc2 Nb4 23. Qxb2 Qxb2 24. Rxb2 Nbd3 25. Reb1 Nxb2 26. Rxb2 g6 27.
Ne4 Kg7 28. Rc2 Rfe8 29. Rc4 Ne2+ 30. Kh2 Nd4 31. Ned2 Nxf3+ 32. Nxf3 Re7 33.
Rc3 b6 34. h4 f6 35. g4 h6 36. Kg3 c5 37. Bc2 Re2 38. Bd3 Re7 39. Bc4 Re4 40.
Bb3 f5 41. gxf5 gxf5 42. h5 Kf6 43. Kh3 Rf4 44. Kg2 Rd7 45. Kf1 Rb4 46. Bc2 Rf4
47. Ke2 Re7+ 48. Kd2 Rd7+ 49. Ke3 Rb4 50. Nd2 Rh4 51. Nc4 Re7+ 52. Kd2 Re6 53.
Kc1 Rxh5 54. Rf3 Rg5 55. Kb2 h5 56. Ne3 Re5 57. Rh3 f4 58. Rf3 Ke7 59. Rxf4 Rg1
60. Nf5+ Kd7 61. Ng3 Rg2 62. Ne4 Rh2 63. Rf7+ Re7 64. Rf5 h4 65. Kc3 h3 66.
Nf6+ Kc6 67. Rf4 Re1 68. Kd2 Re6 69. Bb3 Rd6+ 70. Ke3 Rh1 71. Ke2 h2 72. Rh4
Rxf6 0-1

[Event "Moscow-Open 2021_A"]
[Site "Moscow"]
[Date "2021.02.23"]
[Round "4.52"]
[White "Averin, Nikolay"]
[Black "Polukhin, Alexander"]
[Result "1-0"]
[WhiteElo "1818"]
[BlackElo "2105"]
[PlyCount "95"]
[EventDate "2021.02.20"]

1. e4 c5 2. Nf3 d6 3. d4 cxd4 4. Nxd4 Nf6 5. Nc3 g6 6. Be3 Bg7 7. f3 O-O 8. Qd2
Nc6 9. O-O-O d5 10. Kb1 Rb8 11. Bh6 Bxh6 12. Qxh6 e5 13. Nb3 d4 14. Bc4 a6 15.
Nd5 Nxd5 16. Bxd5 Nb4 17. c4 b5 18. h4 bxc4 19. Bxc4 a5 20. Qg5 Nc6 21. Bd5
Qxg5 22. hxg5 Ne7 23. Nxa5 Nxd5 24. exd5 Bf5+ 25. Ka1 Ra8 26. b4 Kg7 27. Rhe1
Rfe8 28. Nc6 Bc2 29. Rd2 Bb3 30. Rxe5 Rxe5 31. Nxe5 Bxd5 32. Rxd4 Rxa2+ 33. Kb1
Be6 34. b5 Re2 35. f4 Bf5+ 36. Ka1 Re1+ 37. Ka2 Rb1 38. g4 Bc2 39. Rc4 Rxb5 40.
Rxc2 Rb4 41. f5 gxf5 42. gxf5 h6 43. f6+ Kh7 44. g6+ fxg6 45. Rc7+ Kg8 46. Rg7+
Kf8 47. Nxg6+ Ke8 48. f7+ 1-0

[Event "Moscow-Open 2021_A"]
[Site "Moscow"]
[Date "2021.02.23"]
[Round "4.53"]
[White "Tarasenko, Iaroslav"]
[Black "Teymurkhanly, Teymur"]
[Result "1-0"]
[WhiteElo "2060"]
[BlackElo "1799"]
[PlyCount "111"]
[EventDate "2021.02.20"]

1. e4 c5 2. Nf3 e6 3. d4 cxd4 4. Nxd4 Nc6 5. Nb5 Nf6 6. Bf4 Bb4+ 7. c3 Ba5 8.
Nd6+ Kf8 9. Bc4 Nxe4 10. Nxe4 d5 11. Bd6+ Kg8 12. Bxd5 exd5 13. Qxd5 Be6 14.
Qd2 h5 15. O-O Rh6 16. Bf4 Rg6 17. Ng5 Qxd2 18. Nxd2 Bd5 19. Rfd1 Nd8 20. Ndf3
Bc6 21. Ne5 Rf6 22. Nxc6 Nxc6 23. g3 Rf5 24. Ne4 Bb6 25. Nd6 Rf6 26. Rd2 Nd8
27. Kg2 Re6 28. Rad1 f6 29. Nc4 Nf7 30. Rd7 Re2 31. Nxb6 axb6 32. Rxb7 Rxa2 33.
Bc1 Ne5 34. Rxb6 Nc4 35. Rb8+ Kh7 36. Rb4 Nxb2 37. Bxb2 Raxb2 38. Rxb2 Rxb2 39.
Rc1 Kg6 40. c4 Kf7 41. Ra1 Ke6 42. Ra6+ Ke5 43. Ra5+ Kd4 44. Rxh5 Kxc4 45. Rh7
Rb7 46. h4 Kd5 47. h5 Kc6 48. h6 gxh6 49. Rxb7 Kxb7 50. Kf3 Kc6 51. Kf4 Kd6 52.
Kf5 Ke7 53. Kg6 Ke6 54. Kxh6 Ke5 55. Kg6 f5 56. f4+ 1-0

[Event "Moscow-Open 2021_A"]
[Site "Moscow"]
[Date "2021.02.23"]
[Round "4.54"]
[White "Druchenko, Mikhail"]
[Black "Sabirov, Timur"]
[Result "1/2-1/2"]
[WhiteElo "1761"]
[BlackElo "2048"]
[PlyCount "104"]
[EventDate "2021.02.20"]

1. e4 e6 2. d4 d5 3. e5 c5 4. c3 Qb6 5. Nf3 Nc6 6. a3 c4 7. Nbd2 Na5 8. g3 Bd7
9. h4 O-O-O 10. Bh3 f5 11. Rb1 Kb8 12. Qc2 Nb3 13. Nxb3 Ba4 14. Bf4 Bxb3 15.
Qd2 Ba4 16. Ke2 Nh6 17. Ng5 Be7 18. Nf3 Nf7 19. g4 g6 20. gxf5 exf5 21. Rbg1
Rde8 22. h5 Rhg8 23. hxg6 hxg6 24. Ng5 Bxg5 25. Bxg5 Rh8 26. Kf1 Bd7 27. Bf6
Rhg8 28. Bg2 Be6 29. Bf3 g5 30. Bh5 g4 31. Rh4 Ka8 32. Rgh1 Rc8 33. Bxf7 Bxf7
34. Rh6 g3 35. fxg3 Rxg3 36. Bg5 Qb3 37. Rh8 Bg8 38. R8h3 Rg4 39. Rg1 Be6 40.
Rh6 Re8 41. Rf6 Qa4 42. Rxg4 fxg4 43. Kg2 a6 44. Rh6 Bf5 45. Bf6 Qd7 46. Kg3
Rg8 47. Qf4 Be4 48. Rh4 Bf3 49. Rh6 Ka7 50. Bh4 Qa4 51. Qd2 Qe8 52. Qf4 Qa4
1/2-1/2

[Event "Moscow-Open 2021_A"]
[Site "Moscow"]
[Date "2021.02.23"]
[Round "4.55"]
[White "Oliinyk, Serafim"]
[Black "Karapetyan, Alexander"]
[Result "1/2-1/2"]
[WhiteElo "2035"]
[BlackElo "1782"]
[PlyCount "101"]
[EventDate "2021.02.20"]

1. Nf3 Nf6 2. g3 g6 3. Bg2 Bg7 4. O-O O-O 5. d3 d5 6. Nbd2 d4 7. Nb3 Nc6 8. e3
dxe3 9. fxe3 a5 10. a4 Nd5 11. c3 e5 12. e4 Nde7 13. d4 exd4 14. Nbxd4 Bg4 15.
Nxc6 Nxc6 16. Bf4 Qe7 17. Qb3 b6 18. e5 Qc5+ 19. Kh1 Rad8 20. Ng5 Be2 21. e6
Bc4 22. exf7+ Rxf7 23. Ne6 Bxb3 24. Nxc5 Bd5 25. Bxd5 Rxd5 26. Ne6 Ne5 27. Rad1
Nd3 28. Kg1 Nxf4 29. Nxf4 Re5 30. Rd8+ Bf8 31. h4 Kg7 32. Rfd1 Bd6 33. Rf1 Re4
34. Kg2 Bxf4 35. Rxf4 Rexf4 36. gxf4 Rxf4 37. Kg3 Rxa4 38. Rd7+ Kh6 39. Rxc7
Ra2 40. b4 a4 41. h5 Kxh5 42. Rxh7+ Kg5 43. Rb7 Ra3 44. Rxb6 Rxc3+ 45. Kg2 Rb3
46. b5 a3 47. Ra6 Kf4 48. b6 Rb2+ 49. Kh3 a2 50. b7 Rxb7 51. Rxa2 1/2-1/2

[Event "Moscow-Open 2021_A"]
[Site "Moscow"]
[Date "2021.02.23"]
[Round "4.57"]
[White "Bardyuk, Dmitriy"]
[Black "Zverev, Nikita"]
[Result "1/2-1/2"]
[WhiteElo "1738"]
[BlackElo "1978"]
[PlyCount "64"]
[EventDate "2021.02.20"]

1. e4 c5 2. c3 d5 3. exd5 Qxd5 4. d4 Nf6 5. Nf3 Bg4 6. dxc5 Qxc5 7. Be3 Qc7 8.
Be2 e6 9. Nbd2 Nbd7 10. O-O Be7 11. Nd4 Bxe2 12. Qxe2 a6 13. Bg5 O-O 14. Ne4 h6
15. Nxf6+ Bxf6 16. Bxf6 Nxf6 17. a4 Rad8 18. Rfd1 Rd5 19. Nc2 Rfd8 20. Ne3 R5d6
21. Rxd6 Rxd6 22. Rd1 Qd7 23. Rxd6 Qxd6 24. Qd1 Qxd1+ 25. Nxd1 Nd5 26. Kf1 Kf8
27. Ke2 Ke7 28. Ne3 Nf4+ 29. Kd2 Kd6 30. g3 Ng6 31. f4 f6 32. Kd3 Ne7 1/2-1/2

[Event "Moscow-Open 2021_A"]
[Site "Moscow"]
[Date "2021.02.23"]
[Round "4.58"]
[White "Shakhov, Igor"]
[Black "Pestryakov, Artem"]
[Result "1-0"]
[WhiteElo "1678"]
[BlackElo "1978"]
[PlyCount "97"]
[EventDate "2021.02.20"]

1. d4 d6 2. Nf3 g6 3. Nc3 Bg7 4. e4 Nd7 5. Qe2 e6 6. Bg5 Ne7 7. O-O-O h6 8. Bh4
a6 9. g4 b6 10. Bg2 Bb7 11. Rhe1 g5 12. Bg3 Ng6 13. Qd3 Qe7 14. Nd5 Qd8 15. Ne3
Nf4 16. Bxf4 gxf4 17. Nc4 Nf6 18. e5 Nxg4 19. Qe2 d5 20. Ncd2 h5 21. Bh3 Rg8
22. Rg1 Qd7 23. Rg2 Bf8 24. Rdg1 O-O-O 25. Bxg4 hxg4 26. Rxg4 Rxg4 27. Rxg4 Qa4
28. Kb1 c5 29. Rxf4 c4 30. Rxf7 c3 31. bxc3 Kb8 32. Qd3 Ba3 33. Nb3 Bc6 34. h4
Bb5 35. Qh7 Rd7 36. Rxd7 Bxd7 37. h5 Qc6 38. Qd3 Qc8 39. h6 Bb5 40. Qe3 Qg8 41.
Qg5 Qf7 42. Nbd2 Ba4 43. Qd8+ Kb7 44. Qf6 Qh5 45. Qg7+ Kc6 46. c4 dxc4 47. h7
Qf5 48. Ne1 Qxf2 49. Qg2+ 1-0

[Event "Moscow-Open 2021_A"]
[Site "Moscow"]
[Date "2021.02.23"]
[Round "4.58"]
[White "Meydi, Igor"]
[Black "Shinkarov, Artem"]
[Result "0-1"]
[WhiteElo "1678"]
[BlackElo "1978"]
[PlyCount "92"]
[EventDate "2021.02.20"]

1. d4 Nf6 2. c4 e6 3. Nf3 d5 4. Nc3 Be7 5. g3 dxc4 6. Qa4+ Nbd7 7. Qxc4 a6 8.
Bg2 b5 9. Qb3 Bb7 10. O-O O-O 11. Rd1 c5 12. dxc5 Qc8 13. c6 Bxc6 14. Nd4 Bxg2
15. Kxg2 Nc5 16. Qc2 Qb7+ 17. f3 Rac8 18. a3 Na4 19. e4 Nxc3 20. bxc3 Rc4 21.
Bd2 Rfc8 22. Qb2 Qc7 23. Be1 Nd7 24. Ne2 Nb6 25. Rd3 Ra4 26. Bf2 Nc4 27. Qc2
Rxa3 28. Rxa3 Bxa3 29. g4 Nb2 30. Rd4 Na4 31. Bg3 Qe7 32. Qd2 Nb6 33. Qd1 Nc4
34. Kh3 e5 35. Rd7 Qf6 36. Qd3 h5 37. gxh5 Ne3 38. f4 exf4 39. Nxf4 Rxc3 40.
Rd8+ Bf8 41. Qd7 g5 42. hxg6 Qh8+ 43. Bh4 Nf5+ 44. Kg4 Nh6+ 45. Kg5 f6+ 46. Kh5
Nf7+ 0-1

[Event "Moscow-Open 2021_A"]
[Site "Moscow"]
[Date "2021.02.23"]
[Round "4.59"]
[White "Neklyudov, Taras"]
[Black "Talalov, Anton"]
[Result "0-1"]
[WhiteElo "1971"]
[BlackElo "1766"]
[PlyCount "106"]
[EventDate "2021.02.20"]

1. e4 e5 2. Nc3 Nc6 3. g3 g6 4. Bg2 Bg7 5. h4 Nge7 6. h5 Rg8 7. d3 d6 8. Bg5 f6
9. Be3 Be6 10. Nf3 Qd7 11. d4 exd4 12. Nxd4 Nxd4 13. Bxd4 Nc6 14. Be3 O-O-O 15.
Nd5 Kb8 16. h6 Bh8 17. f4 f5 18. Qd2 fxe4 19. Bxe4 Rge8 20. Kf2 Bf5 21. Bg2 Be4
22. Bh3 Qf7 23. Rhd1 g5 24. Bg2 gxf4 25. Nxf4 Bxg2 26. Kxg2 Ne5 27. Bg1 Rg8 28.
Rf1 Qc4 29. Rae1 Qc6+ 30. Qd5 Qxc2+ 31. Re2 Qc6 32. Qxc6 Nxc6 33. Ne6 Rde8 34.
Nf4 Be5 35. Kh3 b6 36. Ree1 Ref8 37. Be3 Rf6 38. Nh5 Rfg6 39. Rg1 Bd4 40. Bxd4
Nxd4 41. Rg2 Rxh6 42. g4 Ne6 43. Rf1 Ng7 44. Rf6 Nxh5 45. Rxh6 Nf4+ 46. Kg3
Nxg2 47. Kxg2 Rxg4+ 48. Kf3 Rg7 49. b4 b5 50. Ke4 Rg4+ 51. Kd5 Kb7 52. a3 Rg5+
53. Ke4 Rg3 0-1

[Event "Moscow-Open 2021_A"]
[Site "Moscow"]
[Date "2021.02.23"]
[Round "4.60"]
[White "Zemlyanskii, Ivan"]
[Black "Ivannikov, Maksim"]
[Result "1-0"]
[WhiteElo "1950"]
[BlackElo "1763"]
[PlyCount "109"]
[EventDate "2021.02.20"]

1. e4 e5 2. Nf3 Nc6 3. Bb5 a6 4. Ba4 Nf6 5. O-O Nxe4 6. d4 b5 7. Bb3 d5 8. dxe5
Be6 9. Nbd2 Be7 10. c3 O-O 11. Bc2 Bf5 12. Nd4 Nxd4 13. cxd4 Nxd2 14. Bxd2 Qd7
15. Bxf5 Qxf5 16. Rc1 Rfc8 17. Rc6 Qe4 18. Ba5 Ra7 19. Re1 Qf5 20. h3 Re8 21.
Qb3 Bh4 22. g3 Qd7 23. Rec1 Bd8 24. Kg2 h5 25. R6c5 Qf5 26. Qf3 Qg5 27. h4 Qg6
28. Rxd5 Bxh4 29. Rh1 Be7 30. Rd7 h4 31. g4 Qc2 32. Qf5 Qxf5 33. gxf5 Bg5 34.
Rh3 Rd8 35. Rxd8+ Bxd8 36. d5 Kf8 37. e6 fxe6 38. fxe6 Bf6 39. b3 Ke7 40. Bb4+
Ke8 41. Rf3 a5 42. Bc5 Ra8 43. Rf5 Rd8 44. Rh5 g6 45. Rh7 Rxd5 46. Rxc7 Be5 47.
Rc6 g5 48. e7 Rxc5 49. Rxc5 Bf4 50. Rxb5 Kxe7 51. Rxa5 Kd6 52. a4 Kc6 53. Kh3
Kb6 54. Rf5 Bd2 55. f4 1-0

[Event "Moscow-Open 2021_A"]
[Site "Moscow"]
[Date "2021.02.23"]
[Round "4.61"]
[White "Lauda, Alexandr"]
[Black "Kasintsov, Gleb"]
[Result "1-0"]
[WhiteElo "1923"]
[BlackElo "1658"]
[PlyCount "87"]
[EventDate "2021.02.20"]

1. d4 Nf6 2. c4 c5 3. Nf3 cxd4 4. Nxd4 e5 5. Nc2 d5 6. cxd5 Bc5 7. Be3 Na6 8.
Nc3 Qb6 9. Bxc5 Nxc5 10. b3 Nce4 11. Nxe4 Nxe4 12. e3 O-O 13. Bc4 Qa5+ 14. b4
Qc7 15. Na3 b5 16. Qd3 Qd6 17. O-O bxc4 18. Qxe4 Qxb4 19. Nc2 Qd6 20. f4 Bb7
21. Rad1 Rae8 22. f5 f6 23. Rf2 Qc5 24. Qf3 e4 25. Qg4 Bxd5 26. Nd4 Rf7 27. h4
Rb7 28. Rc2 Qa3 29. Qg3 Rb2 30. h5 Rb7 31. Ne2 Bc6 32. Rdd2 Qb4 33. Rc3 Qc5 34.
Nf4 Rb1+ 35. Kh2 Qxf5 36. Rxc4 Bb5 37. Rd5 Re5 38. Rd8+ Re8 39. Rd5 Re5 40. Rc7
Qg5 41. Qxg5 fxg5 42. Rxe5 gxf4 43. Ree7 fxe3 44. Rc8+ 1-0

[Event "Moscow-Open 2021_A"]
[Site "Moscow"]
[Date "2021.02.23"]
[Round "4.62"]
[White "Gaer, Igor"]
[Black "Cherniaev, Danil"]
[Result "1-0"]
[WhiteElo "1916"]
[BlackElo "1583"]
[PlyCount "57"]
[EventDate "2021.02.20"]

1. d4 d5 2. Nf3 Nf6 3. Bf4 e6 4. Nbd2 b6 5. e3 c5 6. c3 Bd6 7. Ne5 O-O 8. Bd3
Bb7 9. Qf3 Nc6 10. Qh3 g6 11. Bh6 Re8 12. f4 Bf8 13. Bg5 Be7 14. Ndf3 Nxe5 15.
Nxe5 c4 16. Bc2 a6 17. O-O Rf8 18. Qh4 Re8 19. Nxf7 Kxf7 20. Bxf6 Rh8 21. Bxe7
Qxe7 22. Qg4 Rhf8 23. Rae1 Rae8 24. e4 dxe4 25. Bxe4 Bxe4 26. Rxe4 Qf6 27. Rfe1
b5 28. d5 exd5 29. Qd7+ 1-0

[Event "Moscow-Open 2021_A"]
[Site "Moscow"]
[Date "2021.02.23"]
[Round "4.63"]
[White "Utemisov, Damir"]
[Black "Artemov, Maxim"]
[Result "1/2-1/2"]
[WhiteElo "1894"]
[BlackElo "1510"]
[PlyCount "92"]
[EventDate "2021.02.20"]

1. Nf3 Nf6 2. c4 c5 3. b3 g6 4. Bb2 Bg7 5. g3 O-O 6. Bg2 Nc6 7. Nc3 d6 8. O-O
Bd7 9. Ne1 Rb8 10. Nc2 a6 11. Nd5 Nxd5 12. Bxg7 Kxg7 13. cxd5 Nd4 14. e3 Nxc2
15. Qxc2 b5 16. a3 Qb6 17. h4 a5 18. h5 a4 19. Bf3 axb3 20. Qxb3 Qa5 21. Kg2
Qxd2 22. Rad1 Qa5 23. Qd3 Qa4 24. Rh1 Qc4 25. Qd2 Bg4 26. Qb2+ f6 27. Rh4 gxh5
28. Bxg4 hxg4 29. f3 h5 30. Rxh5 gxf3+ 31. Kxf3 Qa4 32. Rdh1 Rh8 33. Qh2 Rxh5
34. Qxh5 Rg8 35. Qh6+ Kf7 36. Qh7+ Kf8 37. Qf5 b4 38. axb4 cxb4 39. Rc1 b3 40.
e4 b2 41. Rc8+ Kg7 42. Qg4+ Kh6 43. Qxg8 Qd1+ 44. Kf4 Qf1+ 45. Kg4 f5+ 46. exf5
Qe2+ 1/2-1/2

[Event "Moscow-Open 2021_A"]
[Site "Moscow"]
[Date "2021.02.23"]
[Round "4.64"]
[White "Kleimenov, Nikolay"]
[Black "Gornostaev, Yakov"]
[Result "1-0"]
[WhiteElo "1600"]
[BlackElo "1888"]
[PlyCount "59"]
[EventDate "2021.02.20"]

1. e4 Nf6 2. e5 Nd5 3. d4 d6 4. Nf3 g6 5. Bc4 Nb6 6. Bb3 Bg7 7. a4 a5 8. exd6
cxd6 9. O-O O-O 10. h3 Nc6 11. Bg5 Bf5 12. Nc3 d5 13. Re1 Re8 14. Qd2 Qd7 15.
Bh6 Bh8 16. Rad1 Rad8 17. Ne5 Nxe5 18. dxe5 d4 19. Nb5 d3 20. Qxa5 Qc6 21. cxd3
g5 22. Bxg5 Qg6 23. Re3 h6 24. Bxe7 Kh7 25. Bxd8 Rxd8 26. Nd6 Rxd6 27. exd6 Bd4
28. Rg3 Qf6 29. Rf3 Be5 30. d4 1-0